Top 25 NBA Players 2019-20 season - Statistics

General Stats
  • This quiz has been taken 9 times
  • The average score is 18 of 25
Answer Stats
Rank Player EFF % Correct
6 Damian Lillard 28.9
100%
1 Giannis Antetokounmpo 34.6
100%
2 James Harden 32.6
100%
25 Jayson Tatum 22.3
100%
5 LeBron James 29.6
100%
4 Anthony Davis 29.8
89%
15 Bradley Beal 25.4
89%
20 Jimmy Butler 24.2
89%
8 Kawhi Leonard 27.5
89%
3 Luka Dončić 30.8
89%
7 Nikola Jokić 27.7
89%
13 Russell Westbrook 26.2
89%
19 Bam Adebayo 24.3
67%
21 DeMar DeRozan 23.9
67%
18 Devin Booker 24.6
67%
12 Trae Young 26.6
67%
17 Ben Simmons 24.6
56%
24 Brandon Ingram 22.3
56%
16 Nikola Vučević 25.0
56%
9 Andre Drummond 26.9
44%
10 Domantas Sabonis 26.8
44%
23 Kristaps Porziņģis 22.4
44%
14 Rudy Gobert 26.2
33%
11 Hassan Whiteside 26.6
22%
22 Jonas Valančiūnas 22.6
22%
No matching quizzes found
Score Distribution
Percent of People with Each Score
Percentile by Number Answered
Your Score History
You have not taken this quiz